Indus valley civilization / (Record no. 5729)
[ view plain ]
| 000 -LEADER | |
|---|---|
| fixed length control field | 00592nam a22002057a 4500 |
| 001 - CONTROL NUMBER | |
| control field | 5729 |
| 003 - CONTROL NUMBER IDENTIFIER | |
| control field | FISKH |
| 005 - DATE AND TIME OF LATEST TRANSACTION | |
| control field | 20250116164256.0 |
| 008 - FIXED-LENGTH DATA ELEMENTS--GENERAL INFORMATION | |
| fixed length control field | 250116b cb ||||| |||| 00| 0 eng d |
| 020 ## - INTERNATIONAL STANDARD BOOK NUMBER | |
| International Standard Book Number | 9788183853262 |
| 040 ## - CATALOGING SOURCE | |
| Original cataloging agency | FISKH |
| Language of cataloging | eng |
| Transcribing agency | FISKH |
| Modifying agency | FISKH |
| 100 ## - MAIN ENTRY--PERSONAL NAME | |
| Personal name | Dhiman, Sanjay |
| 245 ## - TITLE STATEMENT | |
| Title | Indus valley civilization / |
| Statement of responsibility, etc. | by Sanjay Dhiman |
| 260 ## - PUBLICATION, DISTRIBUTION, ETC. | |
| Place of publication, distribution, etc. | Delhi ; |
| Name of publisher, distributor, etc. | Brijbasi Art Press Limited ; |
| Date of publication, distribution, etc. | 2006. |
| 300 ## - PHYSICAL DESCRIPTION | |
| Extent | 46 pages : |
| Other physical details | color illustrations , maps ; |
| Dimensions | 29 cm . |
| 650 ## - SUBJECT ADDED ENTRY--TOPICAL TERM | |
| Topical term or geographic name entry element | civilization |
| 700 ## - ADDED ENTRY--PERSONAL NAME | |
| Personal name | Chowdhary, Eman |
| Relator term | Senior editor |
| 942 ## - ADDED ENTRY ELEMENTS (KOHA) | |
| Source of classification or shelving scheme | Dewey Decimal Classification |
| Koha item type | Books |
| Suppress in OPAC | No |
| Withdrawn status | Lost status | Source of classification or shelving scheme | Damaged status | Not for loan | Collection | Home library | Current library | Shelving location | Date acquired | Total Checkouts | Full call number | Barcode | Date last seen | Price effective from | Koha item type |
|---|---|---|---|---|---|---|---|---|---|---|---|---|---|---|---|
| Dewey Decimal Classification | Non-Fiction | Footprints International School Library Network Toul Kork Campus | Footprints International School Library Network Toul Kork Campus | TTP Secondary Non-Fiction Bookshelves | 01/16/2025 | DHI | FIS01307 | 01/16/2025 | 01/16/2025 | Books |
